000 00728nam a2200217 i 4500
001 114754
003 ES-MaACL
005 20250703062106.0
007 t|
008 150310q1969 fr ||||1| fre d
100 0 _aReinhard, Marcel.
_996052
245 1 3 _aLa chute de la Royauté
_b: 10 août 1792 /
_cMarcel Reinhard.
260 _a[Paris] :
_bGallimard,
_cimpr. 1969.
300 _a652 p., [24] p. lám. :
_bil. ;
_c21 cm.
490 1 _aTrente journées qui ont fait la France ;
_v18
504 _aBibliogr. p. [423]-425.
600 0 7 _aLuis
_bXVI,
_cRey de Francia
_2
_9152778
830 0 _aTrente journées qui ont fait la France ;
_v18
_9182109
852 _aES-MaACL
_jE-15465
999 _c114754
_d114754